ბათუმის შოთა რუსთაველის სახელმწიფო უნივერსიტეტის ბიბლიოთეკა

ეროვნული გალერეა, ლონდონი : (ბიბ.ჩანაწერი № 62131)

000 -ლიდერი
ფიქსირებული სიგრძის საკონტროლო ველი 01622nam a22002417a 4500
003 - საკონტროლო ნომრის იდენტიფიკატორი
საკონტროლო ველი Ge_BSU
005 - ბოლო ოპერაციის თარიღი და დრო
საკონტროლო ველი 20240719122244.0
008 - ფიქსირებული სიგრძის მონაცემთა ელემენტები - ზოგადი ინფორმაცია
ფიქსირებული სიგრძის საკონტროლო ველი 240718s2018 ge ||||| |||| 00| 0 geo d
020 ## - წიგნის საერთაშორისო სტანდარტული ნომერი
International Standard Book Number 9789941249549 (წიგნი 4)
041 ## - ენის კოდი
Language code of text/sound track or separate title geo
080 ## - უნივერსალური ათობითი კლასიფიკაციის ინდექსი
Universal Decimal Classification number 069.02:7(410) :75(410)დ-15
100 ## - მთავარი ჩანაწერი - პიროვნების სახელი
Personal name დავერიო, ფილიპ.
9 (RLIN) 21022
245 ## - ცნობა სათაურის შესახებ
Title ეროვნული გალერეა, ლონდონი :
Remainder of title ხელოვნების შედევრები - შენს პირად კოლექციაში /
Statement of responsibility, etc ფილიპ დავერიო ; მთარგმნელები: მაია დონაძე, ეკატერინე კობახიძე ; რედაქტორი თამარ ჟურული.
264 ## - წარმოების, გამოცემის, დისტრიბუციის და სხვა ცნობები
გამოცემის, წარმოების, დისტრიბუციის... ადგილი თბილისი :
გამოცემის, წარმოების, დისტრიბუციის... სახელწოდება პალიტრა L,
გამოცემის, წარმოების, დისტრიბუციის... თარიღი 2018.
300 ## - ფიზიკური აღწერა
Extent 128 გვ. :
Other physical details ფოტ. ;
Dimensions 26 სმ.
440 ## - სერიის ცნობა / დამატებულია ჩანაწერი - სათაური
Title მსოფლიოს საუკეთესო მუზეუმები ; წიგნი 4
9 (RLIN) 22872
500 ## - ზოგადი შენიშვნა
General note სუპერზე და გარეკანზე ავტორი აღნიშნული არ არის.
653 ## - INDEX TERM--UNCONTROLLED
Uncontrolled term ინგლისის ეროვნული გალერეა. ინგლისური ფერწერა.
700 ## - ADDED ENTRY--PERSONAL NAME
Personal name დონაძე, მაკა
Relator term მთარგმნელი
9 (RLIN) 22873
700 ## - ADDED ENTRY--PERSONAL NAME
Personal name კობახიძე, ეკატერინე
Relator term მთარგმნელი
9 (RLIN) 666
700 ## - ADDED ENTRY--PERSONAL NAME
Personal name ჟურული, თამარ
Relator term რედაქტორი
9 (RLIN) 22874
942 ## - ADDED ENTRY ELEMENTS (KOHA)
Source of classification or shelving scheme
Koha item type წიგნი
ეგზემპლარები
ჩამოწერის სტატუსი დაკარგული ეგზემპლარის სტატუსი კლასიფიკაციის წყარო ან თაროზე გაწყობის სქემა დაზიანების სტატუსი არ გაიცემა მუდმივი მდებარეობა (დაცვის ადგილი) ამჟამინდელი ადგილსამყოფელი თაროზე განთავსების ადგილი შეძენის თარიღი ღირებულება, შესყიდვის ნორმალური ფასი სრული შენახვის შიფრი შტრიხკოდი ბოლო ოპერაციის თარიღი ეგზემპლარის მიმდევრობითი ნომერი (კეტერი?) ფასის ძალაში შესვლის თარიღი ეგზემპლარის სახეობა საჯარო შენიშვნა
          ტექნოლოგიური ფაკულტეტის ბიბლიოთეკა ტექნოლოგიური ფაკულტეტის ბიბლიოთეკა წიგნსაცავი 2024-07-18 25.00 069.02:7(410) :75(410)დ-15 68779 2024-07-18 68779 2024-07-18 წიგნი 25.00